Регионална библиотека "Любен Каравелов" - Русе

Основи на дистанционните аерокосмически технологии (В екологията и изучаването на околната среда) (Запис номер 176936)

MARC детайли
000 -Лидер
Контролно поле с фиксирана дължина 03491nam a2200529 c 4500
003 - Код на организацията, давaща контролен номер
Контролно поле BLK
005 - Дата и час на последна редакция
Контролно поле 20180422114836.0
008 - Елементи от данни с фиксирана дължина
fixed length control field 180411b bul|||||r ||||||| ||bul||
010 ## - Наследен системен номер
LC control number KNG00185570000
020 ## - Международен стандартен номер на книга ISBN
Международен стандартен номер на книга ISBN 978-954-535-882-1
-- издат.: Нов бълг. унив.
040 ## - Източник на каталожния запис
Идентификатор на билиотеката - собственик на записа BLK
041 ## - Код за език
Код за езика на текст/звукозапис или на отделно заглавие Български
Код за езика КДБФ Български
072 #7 - Код за тематичната категория
Код организация bullib
Код за тематична категория Н50
Текст Естествени науки. Математика и др. Н
080 ## - УДК
Текстов определител УДК Контролиране и установяване на нарушенията, възстановяване на околната среда. Екологичен мониторинг. Уреди за наблюдаване на замърсяването, измерване на нарушенията и др.
УДК код - определител по УДК 504.06
УДК определител :629.7(075.8)
УДК - код + определител 504.06:629.7(075.8)
080 ## - УДК
Текстов определител УДК Авиация и космонавтика. Летателни апарати. Ракетна техника. Космическа техника. Космическа техника
УДК код - определител по УДК 629.7
УДК определител .004:502(075.8)
УДК - код + определител 629.7.004:502(075.8)
080 ## - УДК
Текстов определител УДК Геофизика. Вж и 523.31
УДК код - определител по УДК 550.3
УДК определител (075.8)
УДК - код + определител 550.3(075.8)
080 ## - УДК
Текстов определител УДК Фотограметрия (аерофотограметрия, земна фотограметрия). Аерокосмически снимки. Методи и инструменти - Фотограметрична обработка на снимките, построяване на фотограметрични мрежи, фототриангулация
УДК код - определител по УДК 528.7
УДК определител (075.8)
УДК - код + определител 528.7(075.8)
080 ## - УДК
Текстов определител УДК Приложна геология и геофизика. Методи на геологическо проучване. Вж и 622. 1
УДК код - определител по УДК 550.8
УДК определител :629.7(075.8)
УДК - код + определител 550.8:629.7(075.8)
080 ## - УДК
Текстов определител УДК Космическа техника. Космонавтика
УДК код - определител по УДК 629.78
УДК определител (075.8)
УДК - код + определител 629.78(075.8)
100 1# - Редна дума - Автор
Автор Мардиросян, Гаро Хугасов
Авторска отговорност първи автор
R(LIN) 374932
139 ## - Редно поле
Редна дума Мардиросян, Гаро Хугасов
Авторски знак Мар - М 29
245 10 - Сведения за заглавието
Заглавие Основи на дистанционните аерокосмически технологии (В екологията и изучаването на околната среда)
Подзаглавни данни [Уч. за ВУЗ]
Редно поле (дума) Гаро Хугасов Мардиросян.
257 ## - Страна на издаване
Страна на създаване/издаване България
260 ## - Област на издателските данни
-- София
Име на издателя, разпространителя и проч. Нов бълг. унив.
Година на издаване 2015
300 ## - Физическа характеристика
Страници 224 с.
Илюстрации и др. ил., 8 л. цв.ил.
Размери/Мащаб 24 см
380 ## - Жанр
Жанр Естествени науки. Математика
500 ## - Общи забележки
Забележка Съдържа и за авт. - Азб. показалец ; Библиогр. с. 212-219.
650 #4 - Допълнително описание по предмет – тема
Основно описание – тема или топоним Космически апарати - приложение - в екологията
9 (RLIN) 340834
650 #4 - Допълнително описание по предмет – тема
Основно описание – тема или топоним Екология - методи на изследване
9 (RLIN) 340835
650 #4 - Допълнително описание по предмет – тема
Основно описание – тема или топоним Околна среда - контрол
9 (RLIN) 269210
650 #4 - Допълнително описание по предмет – тема
Основно описание – тема или топоним Космически изследвания
9 (RLIN) 247375
650 #4 - Допълнително описание по предмет – тема
Основно описание – тема или топоним Космически технологии
9 (RLIN) 340836
650 #4 - Допълнително описание по предмет – тема
Основно описание – тема или топоним Аерокосмически методи
9 (RLIN) 146591
650 #4 - Допълнително описание по предмет – тема
Основно описание – тема или топоним Екология - методи на изследване
9 (RLIN) 340835
653 ## - Ключова дума – ненормативна
Ключова дума екология
653 ## - Ключова дума – ненормативна
Ключова дума околна среда
653 ## - Ключова дума – ненормативна
Ключова дума аерокосмически технологии
653 ## - Ключова дума – ненормативна
Ключова дума космически апарати
653 ## - Ключова дума – ненормативна
Ключова дума мониторинг
653 ## - Ключова дума – ненормативна
Ключова дума учебници за ВУЗ
659 ## - Тематичен бюлетин
Тематичен бюлетин Н
852 ## - Местоположение
Форматна сигнатура Цб 278647
856 4# - Електронен адрес и достъп
Електронен формат pdf - файл
Път до файла /url/
856 4# - Електронен адрес и достъп
Електронен формат pdf - файл
Път до файла /url/
942 ## - АРТИКУЛИ
Вид на библиотечния материал Книги
Скрит в OPAC Не
944 ## - СЪЗДАВАНЕ И РЕДАКЦИЯ на ЗАПИСА
Създаване/Редакция Създаване
Дата на регистрацията/редакция 15.12.2015
Статус, дата на статуса ф /
Служител, извършил регистрацията/редакцията Виолета_Тройчева
944 ## - СЪЗДАВАНЕ И РЕДАКЦИЯ на ЗАПИСА
Създаване/Редакция Редакция
Дата на регистрацията/редакция 22.04.2017
Статус, дата на статуса ф /
Служител, извършил регистрацията/редакцията Пенка_Димитрова
999 ## - СИСТЕМНИ КОНТРОЛНИ НОМЕРА
Koha biblionumber 176936
Koha biblioitemnumber 176936
Наличности
Код за отписване Код за изгубен артикул Код за повреда Коз за рестрикции Код за отдаване Артикулен № Име на библиотеката - собственик Име на библиотеката, в която се намира в момента Статус (Текущо местоположение) Дата на вписване в системата Местоположение - отдел Цена в лева Инвентарен номер Систематично азбучна сигнатура Баркод Номер на екземпляра Цена в евро Служебна бележка Служебен тип на артикула
  Не е изгубен Не е повреден без рестрикции заемане за дома 304301 Регионална библиотека "Любен Каравелов" Русе Регионална библиотека "Любен Каравелов" Русе Заемна - подръчен фонд 2015-12-21 Заемна - подръчен фонд 17.00 120000796074 П 504/М 29 120000796074 1 8.69 Дост: Pk Вид: Ф N: 449 Дата: 14.12.2015 Дата инв: 08.02.2018 Бележки инв: П2018 Книги
  Не е изгубен Не е повреден без рестрикции ползва се в читалня 304302 Регионална библиотека "Любен Каравелов" Русе Регионална библиотека "Любен Каравелов" Русе Хранилище 2017-04-21 Хранилище 18.00 120000810092 Цб 278647 120000810092 2 9.20 Дост: Dp Вид: Д N: 12 Дата: 02.03.2017 Книги
Vip Innovations Ltd, Rousse, Bulgaria 2025